000 00548nam a22002057a 4500
003 KOHA_MİRAKIL
005 20260331120137.0
008 260331b tu ||||| |||| 00| 0 tur d
020 _a9786058482012
040 _aTR-AnABB
_btur
_cTR-AnABB
041 _atur
082 _a814.42
_bOZE 2014
100 1 _aÖzer, Ahmet
245 1 0 _aSözün nakışı /
_cAhmet Özer
260 _aTrabzon :
_bKıyı,
_c2014
300 _a220 sayfa ;
_c20 cm
500 _aYazar imzalı
650 0 4 _aTürk edebiyatı, deneme
942 _2ddc
_cBK
999 _c10121
_d10121
900 _bCan ÇELIK